LDR 00583naa#a2200169#i#450# 001 EN\\bibl\120393 005 20260513162622.3 011 ## _a2074-8183 100 ## _a20260331b2026####ek#y0engy0150####ca 102 ## _aRU 200 1# _aRECIDIVISM: ACTING SITUATION AND DIRECTIONS TO PREVENT _eJournal article 210 1# _aVolgograd _cVolgograd Academy of the Ministry of Internal Affairs of Russia _d2026 215 ## _a11 с. 608 ## _aJournal article _2local 675 ## _aКриминология. Криминалистика. 343.9 _z 700 #1 _aRep'eva _gAnna Mihaylovna 856 4# _ava-mvd.editorum.ru _u